[Event "Bronshoj Autumn A"]
[Site "Bronshoj"]
[Date "2015.11.07"]
[Round "3"]
[White "Nielsen, John Holm"]
[Black "Petersen, Steen Brustrup"]
[Result "0-1"]
[WhiteElo "2029"]
[BlackElo "2052"]
[PlyCount "80"]
[EventDate "2015.10.22"]
[EventType "tourn"]
[EventRounds "5"]
[EventCountry "DEN"]
[SourceTitle "EXT 2024"]
[Source "ChessBase"]
[SourceDate "2023.10.10"]
[SourceVersion "1"]
[SourceVersionDate "2023.10.10"]
[SourceQuality "1"]

1. Nc3 e5 2. Nf3 Nc6 3. d4 exd4 4. Nxd4 d5 5. Nxc6 bxc6 6. e4 Nf6 7. exd5 cxd5 8. Bb5+ Bd7 9. 0-0 c6 10. Re1+ Be7 11. Bd3 0-0 12. Bg5 Rb8 13. Rb1 Re8 14. Bf4 Rb4 15. Bg3 Bc5 16. a3 Rb7 17. b4 Bg4 18. Qd2 Rxe1+ 19. Rxe1 Bf8 20. f3 Be6 21. Bh4 a5 22. bxa5 Qxa5 23. Rd1 Qxa3 24. Ne2 Qb4 25. Qxb4 Rxb4 26. Bxf6 gxf6 27. Ng3 c5 28. c3 Rb3 29. Rc1 c4 30. Bc2 Rb2 31. Nf5 Rxc2 32. Rxc2 Bxf5 33. Ra2 Be6 34. Kf1 Bd6 35. g4 Kg7 36. h4 f5 37. g5 Be5 38. Rc2 Kg6 39. Kg2 Kh5 40. Kh3 f4+ 0-1

[Event "Bronshoj SenSommer A"]
[Site "Bronshoj"]
[Date "2015.09.13"]
[Round "5"]
[White "Nielsen, John Holm"]
[Black "Bruun, Henrik Emil"]
[Result "1/2-1/2"]
[WhiteElo "2029"]
[BlackElo "2115"]
[PlyCount "30"]
[EventDate "2015.08.20"]
[EventType "swiss"]
[EventRounds "7"]
[EventCountry "DEN"]
[SourceTitle "EXT 2024"]
[Source "ChessBase"]
[SourceDate "2023.10.10"]
[SourceVersion "1"]
[SourceVersionDate "2023.10.10"]
[SourceQuality "1"]

1. Nc3 Nf6 2. e4 d6 3. d4 g6 4. Nf3 Bg7 5. Be2 0-0 6. 0-0 c5 7. dxc5 dxc5 8. Be3 b6 9. Qxd8 Rxd8 10. Rad1 Nc6 11. Rxd8+ Nxd8 12. Rd1 Ne6 13. h3 Bb7 14. e5 Ne4 15. Nd5 Kf8 1/2-1/2

[Event "Bronshoj SenSommer A"]
[Site "Bronshoj"]
[Date "2015.09.01"]
[Round "3"]
[White "Nielsen, John Holm"]
[Black "Christensen, Esben"]
[Result "1/2-1/2"]
[WhiteElo "2029"]
[BlackElo "2047"]
[PlyCount "39"]
[EventDate "2015.08.20"]
[EventType "swiss"]
[EventRounds "7"]
[EventCountry "DEN"]
[SourceTitle "EXT 2024"]
[Source "ChessBase"]
[SourceDate "2023.10.10"]
[SourceVersion "1"]
[SourceVersionDate "2023.10.10"]
[SourceQuality "1"]

1. Nc3 c5 2. Nf3 e6 3. d4 cxd4 4. Nxd4 d5 5. e4 dxe4 6. Nxe4 a6 7. Be2 Nf6 8. Bf3 Be7 9. 0-0 Qc7 10. Qe2 0-0 11. c3 e5 12. Nc2 Nxe4 13. Bxe4 Be6 14. Ne3 Rd8 15. Rd1 Rxd1+ 16. Qxd1 Nc6 17. Qc2 g6 18. Nd5 Bxd5 19. Bxd5 Rd8 20. Bxc6 1/2-1/2

[Event "Bronshoj-ch B"]
[Site "Bronshoj"]
[Date "2015.??.??"]
[Round "4"]
[White "Andersen, Henrik"]
[Black "Nielsen, John Holm"]
[Result "1-0"]
[WhiteElo "1945"]
[BlackElo "1994"]
[PlyCount "101"]
[EventDate "2015.03.05"]
[EventType "tourn"]
[EventRounds "9"]
[EventCountry "DEN"]
[SourceTitle "EXT 2024"]
[Source "ChessBase"]
[SourceDate "2023.10.10"]
[SourceVersion "1"]
[SourceVersionDate "2023.10.10"]
[SourceQuality "1"]

1. c4 e5 2. Nc3 Nf6 3. Nf3 Nc6 4. d4 exd4 5. Nxd4 Nxd4 6. Qxd4 Be7 7. g3 0-0 8. Bg2 d6 9. 0-0 c6 10. b3 Be6 11. Bb2 Ne8 12. Rad1 Bf6 13. Qd2 Qc7 14. Ne4 Bxb2 15. Qxb2 Rd8 16. Ng5 Qe7 17. Nxe6 Qxe6 18. Rd3 Nf6 19. Re3 Qd7 20. Rd1 Rfe8 21. Red3 Qc7 22. e3 Re7 23. Qa3 Ne8 24. Qxa7 Re5 25. Qa3 Ra5 26. Qb2 Rda8 27. a4 Qb6 28. Qd4 Qb4 29. Bh3 Rd8 30. Qe4 Re5 31. Qxe5 dxe5 32. Rxd8 Kf8 33. Bd7 Ke7 34. Bxe8 f6 35. R1d7+ Ke6 36. Rxg7 Qxb3 37. Bd7+ Kd6 38. Bc8+ Kc5 39. Rxb7 Qxa4 40. Rxh7 Qxc4 41. Bh3 Qc2 42. Rc7 Qb1+ 43. Bf1 f5 44. Rdc8 Kd5 45. Rxc6 f4 46. Rc1 Qf5 47. Rd1+ Ke6 48. Rc6+ Ke7 49. Rc7+ Kf6 50. Rd6+ Kg5 51. Rg7+ 1-0